000 00478nam a2200181Ia 4500
003 GCL
008 140319s9999 xx 000 0 eng d
040 _aGCL /
_cGCL
082 0 4 _a955.02
_bM M
100 1 _aNORGAN, DAVID
245 1 0 _aMEDIEVAL PERSIA 1040-1797 /
_cNORGAN, DAVID
260 _a[S.N] :
_bLONGMAN ،
_c1988
300 _a197 P
650 0 4 _aIRAN - HISTORY 640 - 1500
650 0 4 _aMIDDLE EAST
650 0 4 _aIRAN - HISTORY 16 - 18 CENTURY
942 _2ddc
_cBK
999 _c18221
_d18221